| 000 | 01329cam a2200421 i 4500 | ||
|---|---|---|---|
| 001 | 2076 | ||
| 003 | KOSZ 005 | ||
| 005 | 20200717114155.0 | ||
| 008 | 990421s1983 pl a f f |000 0 pol | ||
| 015 | _aPB 1984/1813 | ||
| 040 |
_aWA N _cWA N _dKOSZ 005/HR |
||
| 041 | 0 | _apol | |
| 046 | _k1983 | ||
| 080 | _a637.5 | ||
| 080 | _a621 | ||
| 080 | _a(075.8) | ||
| 100 | 1 |
_aPopko, Henryk _eAutor |
|
| 245 | 1 | 0 |
_aMaszyny przemysłu spożywczego : _bprzemysł mięsny. _nCz. 2 / _cHenryk Popko, Rimma Popko ; Politechnika Lubelska. |
| 260 |
_aLublin : _bPL, _c1983. |
||
| 300 |
_aS. 294-627, [1]) : _brys., wykr. ; _c24 cm. |
||
| 336 |
_2rdacontent _aTekst _btxt |
||
| 337 |
_2rdamedia _aBez urządzenia pośredniczącego _bn |
||
| 338 |
_2rdacarrier _aWolumin _bnc |
||
| 380 | _aKsiążki | ||
| 380 | _aPublikacje dydaktyczne | ||
| 385 |
_mPoziom nauczania _aSzkoły wyższe |
||
| 388 | _a1901-2000 | ||
| 388 | _a1945-1989 | ||
| 504 | _aBibliogr. s. [628]. | ||
| 650 | 4 | _aMięso | |
| 650 | 4 | _aTechnologia żywności | |
| 650 | 4 | _aMaszyny | |
| 655 | 4 | _aPodręczniki akademickie | |
| 658 | _aRolnictwo i leśnictwo | ||
| 700 | 1 |
_aPopko, Rimma _eAutor |
|
| 856 |
_uhttp://koha.tu.koszalin.pl/cgi-bin/koha/opac-detail.pl?biblionumber=2076 _yKatalog online BPK |
||
| 942 |
_2UKD _cKS |
||
| 999 |
_c2076 _d2076 |
||